| 000 | 00452nam a22001697a 4500 | ||
|---|---|---|---|
| 999 |
_c40547 _d40547 |
||
| 003 | OSt | ||
| 005 | 20201125144816.0 | ||
| 008 | 191010b ||||| |||| 00| 0 eng d | ||
| 020 | _a9789387331297 | ||
| 040 | _coclc | ||
| 082 |
_a920 _bVIL/P |
||
| 100 |
_aVilasini, G _96718 |
||
| 245 |
_aPranayakaalam / _cG Vilasini |
||
| 260 |
_aThrissur: _bGreen Books, _c2017. |
||
| 300 | _a247p | ||
| 942 |
_2ddc _cBK _h920 _iVIL/P _k920 _mVIL/P |
||